000 00702nam a22002297a 4500
003 UA-OsUOA
001 47253
007 ta
008 20120607b un ||||| |||| 00| 0 ukr d
090 _a09.-94 (477)
942 _cBK
040 _aUA-OsUOA
_bpol
_cUA-OsUOA
_dUA-OsUOA
245 _aZ dziejow Ukrainy. Ksiega pamiatkowa ku czci W. Antonowicza, P. Swiecickiego, T. Rylskiego.
_cPod.red. W. Lipinskiego
300 _a675 s.
955 _a1
041 _apol
080 _a09.-94 (477)
260 _aKijow
_cMCMXII
650 7 _a0 Загальний відділ.
_2UDC
999 _c427361
_d427361